000 00796nam a22002297a 4500
005 20120823120327.0
008 120823t xxu||||| |||| 00| 0 eng d
010 _aENG-105610
020 _c195.00
_a9789382246077
035 _aEN-89143
037 _bDBAD/PUB
040 _aDPL
_bEng
082 _aN
100 _951282
_aChhabra, Jagjit Singh
245 _aOf blood and flesh /
_cby Jagjit Singh Chhabra; translated by Balwant K. Chhabra
260 _aChandigarh
_bUnistar Books
_c2012
270 _aS.C.O.26-27, Sector 34A
_bChandigarh
_e160022
300 _a96p.
_c22cm(Hb)
700 _aChhabra, Balwant K.
_951393
942 _2ddc
_cEN
_mCHH
_hN
999 _c69235
_d69235